<?xml version="1.0" encoding="UTF-8"?>
<record
    xmlns:xsi="http://www.w3.org/2001/XMLSchema-instance"
    xsi:schemaLocation="http://www.loc.gov/MARC21/slim http://www.loc.gov/standards/marcxml/schema/MARC21slim.xsd"
    xmlns="http://www.loc.gov/MARC21/slim">

  <leader>03900nab a22006737  4500</leader>
  <controlfield tag="003">AR-RoUNA</controlfield>
  <datafield tag="022" ind1=" " ind2=" ">
    <subfield code="a">0327-9022</subfield>
  </datafield>
  <datafield tag="040" ind1=" " ind2=" ">
    <subfield code="a">AR-RoUNA</subfield>
    <subfield code="b">spa</subfield>
  </datafield>
  <datafield tag="041" ind1=" " ind2=" ">
    <subfield code="a">spa</subfield>
  </datafield>
  <datafield tag="044" ind1=" " ind2=" ">
    <subfield code="a">ag</subfield>
  </datafield>
  <datafield tag="245" ind1=" " ind2=" ">
    <subfield code="a">Summa+ /</subfield>
    <subfield code="b">Cultura y Educaci&#xF3;n</subfield>
  </datafield>
  <datafield tag="260" ind1=" " ind2=" ">
    <subfield code="a">Buenos Aires (Argentina):</subfield>
    <subfield code="c">Donn SA,</subfield>
    <subfield code="b">1993.</subfield>
  </datafield>
  <datafield tag="300" ind1=" " ind2=" ">
    <subfield code="a">128 p. :</subfield>
    <subfield code="b">il. byn.</subfield>
    <subfield code="b">planos</subfield>
    <subfield code="c">34X25 cm.</subfield>
  </datafield>
  <datafield tag="505" ind1="0" ind2=" ">
    <subfield code="t">INDICE</subfield>
  </datafield>
  <datafield tag="505" ind1="0" ind2=" ">
    <subfield code="a">Fernando Diez, Gustavo Alonso Serafin y Mart&#xED;n Di Peco / Cultura, Educaci&#xF3;n y Representaci&#xF3;n. p. 1</subfield>
  </datafield>
  <datafield tag="505" ind1="0" ind2=" ">
    <subfield code="t">CARTELERA</subfield>
  </datafield>
  <datafield tag="505" ind1="0" ind2=" ">
    <subfield code="t">INSTRUMENTO URBANO</subfield>
  </datafield>
  <datafield tag="505" ind1="0" ind2=" ">
    <subfield code="a">Pasinato + Bolzan / Teatro del Bicentenario, San Juan, Argentina, 2016. p. 8</subfield>
  </datafield>
  <datafield tag="505" ind1="0" ind2=" ">
    <subfield code="t">FORMAS CULTAS, Gustavo Alonso Serafin. p. 22</subfield>
  </datafield>
  <datafield tag="505" ind1="0" ind2=" ">
    <subfield code="t">LA TORRE DE LONDRES</subfield>
  </datafield>
  <datafield tag="505" ind1="0" ind2=" ">
    <subfield code="a">Herzog &amp; De Meuron / The Tate Modern Project, Bakside, Londres Se1 9tg, Reino Unido, 2016. p. 24</subfield>
  </datafield>
  <datafield tag="505" ind1="0" ind2=" ">
    <subfield code="t">BAJO EL SOL AZTECA</subfield>
  </datafield>
  <datafield tag="505" ind1="0" ind2=" ">
    <subfield code="a">David Chipperfield / Museo Jumex, Colonia Granada, Ciudad de M&#xE9;xico, M&#xE9;xico, 2013. p. 32</subfield>
  </datafield>
  <datafield tag="505" ind1="0" ind2=" ">
    <subfield code="t">CUESTI&#xD3;N DE PIEL</subfield>
  </datafield>
  <datafield tag="505" ind1="0" ind2=" ">
    <subfield code="a">Adjaye Associates / Smithsonian National Museum of African American History and Culture / 1400 Constitution Avenue, Washington D.C. Estados Unidos, 2016. p. 40</subfield>
  </datafield>
  <datafield tag="505" ind1="0" ind2=" ">
    <subfield code="t">EL PRESENTE EN EL PASADO, Gustavo Alonso Serafin. p. 48</subfield>
  </datafield>
  <datafield tag="505" ind1="0" ind2=" ">
    <subfield code="t">SIN ESPARTAR A LOS FANTASMAS</subfield>
  </datafield>
  <datafield tag="505" ind1="0" ind2=" ">
    <subfield code="a">Flores &amp; Prats / Sala Beckett / Obrador Internacional de Dramaturgia, Calle Pere IV 228, Poble Noli, Barcelona, Espa&#xF1;a, 2016. p.50</subfield>
  </datafield>
  <datafield tag="505" ind1="0" ind2=" ">
    <subfield code="t">COMPLETAMIENTO ESCENOGR&#xC1;FICO</subfield>
  </datafield>
  <datafield tag="505" ind1="0" ind2=" ">
    <subfield code="a">Smilian Radic / Nave - Espacio de Artes Esc&#xE9;nicas, Libertad 410, Santiago de Chile, Chile, 2014. p. 60</subfield>
  </datafield>
  <datafield tag="505" ind1="0" ind2=" ">
    <subfield code="t">ABRIENDO MUROS</subfield>
  </datafield>
  <datafield tag="505" ind1="0" ind2=" ">
    <subfield code="a">Frida Escobedo / La Tallera, Calle Venus 52, Cuernavaca, Morellos, M&#xE9;xico, 2012. p. 68</subfield>
  </datafield>
  <datafield tag="505" ind1="0" ind2=" ">
    <subfield code="t">TAMA&#xD1;O Y ESCALA</subfield>
  </datafield>
  <datafield tag="505" ind1="0" ind2=" ">
    <subfield code="a">Mart&#xED;n Di Peco / Estar a la altura y crear las condiciones. p. 76</subfield>
  </datafield>
  <datafield tag="505" ind1="0" ind2=" ">
    <subfield code="t">HIPER ARTICULACIONES</subfield>
  </datafield>
  <datafield tag="505" ind1="0" ind2=" ">
    <subfield code="a">Claudio Vekstein y Marcelo Barreiro / Colegio Montessori Luj&#xE1;n, Primera Etapa Escuela Primaria, Calle las cretonas 2645, acceso oeste km 69.5. Municipalidad de Luj&#xE1;n, Provincia de Buenos Aires, Argentina, 2015.p.78</subfield>
  </datafield>
  <datafield tag="505" ind1="0" ind2=" ">
    <subfield code="t">LUMINOSOS COBERTORES</subfield>
  </datafield>
  <datafield tag="505" ind1="0" ind2=" ">
    <subfield code="a">Subsecretar&#xED;a de obras de arquitectura / Jard&#xED;n Municipal Coronel Dorrego, J.B. Alberdi y Matheu Distrito 3 - Noroeste, Ciudad de Santa Fe, Argentina, 2013. p. 86</subfield>
  </datafield>
  <datafield tag="505" ind1="0" ind2=" ">
    <subfield code="t">TEXTURA Y TESITURA</subfield>
  </datafield>
  <datafield tag="505" ind1="0" ind2=" ">
    <subfield code="a">Municipalidad de San Mart&#xED;n / Centro de Cuidado Infantil &#xA8;Merceditas&#xA8;, Berutti 6902, Esquina El Pensamiento, Barrio Libertador, Partido de San Mart&#xED;n, Provincia de Buenos Aires, Argentina, 2016. p. 92</subfield>
  </datafield>
  <datafield tag="505" ind1="0" ind2=" ">
    <subfield code="a">Fernando Diez / Un Premio Calificado. p. 98</subfield>
  </datafield>
  <datafield tag="505" ind1="0" ind2=" ">
    <subfield code="t">PALACIOS PARA LA ENSE&#xD1;ANZA LAICA</subfield>
  </datafield>
  <datafield tag="505" ind1="0" ind2=" ">
    <subfield code="t">IV CONGRESO LATINOAMERICANO DE ARQUITECTURA</subfield>
  </datafield>
  <datafield tag="505" ind1="0" ind2=" ">
    <subfield code="a">Taller de integraci&#xF3;n latinoamericano. Facultad de arquitectura, Dise&#xF1;o, Arte y Urbanismo, Universidad de Mor&#xF3;n. p. 114</subfield>
  </datafield>
  <datafield tag="505" ind1="0" ind2=" ">
    <subfield code="t">ARQUITECTURA RE-CONSTRUCTIVISTA </subfield>
  </datafield>
  <datafield tag="505" ind1="0" ind2=" ">
    <subfield code="a">Gustavo Alonso Serafin / La joven reconstrucci&#xF3;n disciplinar. p. 116</subfield>
  </datafield>
  <datafield tag="505" ind1="0" ind2=" ">
    <subfield code="a">Gui Bonsiepe / Dise&#xF1;o y producci&#xF3;n de Mobiliario Argentino 1930-1970. p. 122</subfield>
  </datafield>
  <datafield tag="505" ind1="0" ind2=" ">
    <subfield code="a">Roberto Fern&#xE1;ndez / Cosmopolismo Colonial: Heteronom&#xE1;i Proyectual en Templos Americanos. p. 124</subfield>
  </datafield>
  <datafield tag="505" ind1="0" ind2=" ">
    <subfield code="a">Horacio Caride Bartons, David Dal Castello, Rita Molinos, Mario Sabugo / Los espejismos de Gaspard Monge. p. 125</subfield>
  </datafield>
  <datafield tag="505" ind1="0" ind2=" ">
    <subfield code="a">Rafael E.J. Iglesia / &#xA1;Fuerza, Muchachas!. p. 126</subfield>
  </datafield>
  <datafield tag="505" ind1="0" ind2=" ">
    <subfield code="a">Ignacio Ros de Olano / Buenos Aires, &#xA8;La Par&#xED;s de Am&#xE9;rica&#xA8;, en papel. p. 127</subfield>
  </datafield>
  <datafield tag="505" ind1="0" ind2=" ">
    <subfield code="a">Pablo G&#xFC;iraldes / H&#xE1;bitat III: Ayer, Hoy y Ma&#xF1;ana. p. 128</subfield>
  </datafield>
  <datafield tag="650" ind1=" " ind2=" ">
    <subfield code="2">Arquitectura contepor&#xE1;nea</subfield>
  </datafield>
  <datafield tag="773" ind1="0" ind2=" ">
    <subfield code="a">Summa+</subfield>
    <subfield code="d">Buenos Aires, Argentina</subfield>
    <subfield code="g">N&#xBA;156 (abr; 2017), p. 128</subfield>
    <subfield code="x">0327-9022</subfield>
  </datafield>
  <datafield tag="908" ind1=" " ind2=" ">
    <subfield code="a">Imp</subfield>
  </datafield>
  <datafield tag="942" ind1=" " ind2=" ">
    <subfield code="2">udc</subfield>
    <subfield code="c">ART</subfield>
  </datafield>
  <datafield tag="945" ind1=" " ind2=" ">
    <subfield code="d">2022-07-08</subfield>
  </datafield>
  <datafield tag="980" ind1=" " ind2=" ">
    <subfield code="6">138</subfield>
    <subfield code="a">Carolina Rainero</subfield>
    <subfield code="8">138</subfield>
    <subfield code="g">Carolina Rainero</subfield>
  </datafield>
  <datafield tag="999" ind1=" " ind2=" ">
    <subfield code="c">12311</subfield>
    <subfield code="d">12311</subfield>
  </datafield>
  <datafield tag="952" ind1=" " ind2=" ">
    <subfield code="0">0</subfield>
    <subfield code="1">0</subfield>
    <subfield code="2">udc</subfield>
    <subfield code="4">0</subfield>
    <subfield code="7">0</subfield>
    <subfield code="a">AR-RoUNA</subfield>
    <subfield code="b">AR-RoUNA</subfield>
    <subfield code="d">2025-12-09</subfield>
    <subfield code="l">0</subfield>
    <subfield code="p">1002898</subfield>
    <subfield code="r">2025-12-09</subfield>
    <subfield code="t">ej. 1</subfield>
    <subfield code="w">2025-12-09</subfield>
    <subfield code="y">ART</subfield>
    <subfield code="k">K6</subfield>
    <subfield code="x"></subfield>
  </datafield>
</record>
